Literacy in action : challenges in the adult education system in India /

Bibliographic Details
Main Author: Rao, C. Krishna Mohan (Author)
Corporate Author: ProQuest (Firm)
Format: eBook
Language:English
Published: New Delhi, India ; Thousand Oaks, California, USA : SAGE Publications India Pvt, Ltd, 2019.
Subjects:
Online Access:Connect to the full text of this electronic book

MARC

Tag First Indicator Second Indicator Subfields
LEADER 00000cam a22000001i 4500
001 in00004068331
006 m |o d |
007 cr |n|||||||||
008 190614s2019 ii ob 001 0 eng d
005 20221130134218.7
020 |a 9789353283100 (electronic bk.) 
020 |a 9353283108 (electronic bk.) 
020 |z 9789353283087 
020 |z 9353283086 
024 8 |a 99988948116 
035 |a (NhCcYBP)ebc5785240 
035 |a in00004068331 
040 |a NhCcYBP  |c NhCcYBP  |d UtOrBLW 
043 |a a-ii--- 
050 4 |a LC5257.I4  |b R35 2019 
082 0 4 |a 374/.0124  |2 23 
100 1 |a Rao, C. Krishna Mohan,  |e author.  |0 http://id.loc.gov/authorities/names/n2019007871 
245 1 0 |a Literacy in action :  |b challenges in the adult education system in India /  |c C. Krishna Mohan Rao. 
264 1 |a New Delhi, India ;  |a Thousand Oaks, California, USA :  |b SAGE Publications India Pvt, Ltd,  |c 2019. 
300 |a 1 online resource. 
336 |a text  |b txt  |2 rdacontent 
337 |a computer  |b c  |2 rdamedia 
338 |a online resource  |b cr  |2 rdacarrier 
504 |a Includes bibliographical references (pages [214]-221) and index. 
505 0 |a Overview of adult literacy programmes in India -- Concept of literacy -- Literacy and development -- Curriculum and pedagogy -- Motivation and mobilization -- Post-literacy and continuing education -- Monitoring and evaluation -- Delivery mechanisms -- Funding for literacy. 
588 |a Description based on print version record. 
500 |a Electronic resource. 
650 0 |a Adult education  |z India.  |0 http://id.loc.gov/authorities/subjects/sh2007100665 
650 0 |a Literacy programs  |z India.  |0 http://id.loc.gov/authorities/subjects/sh2009129869 
650 0 |a Education  |x Social aspects  |z India.  |0 http://id.loc.gov/authorities/subjects/sh2008118749 
655 7 |a Electronic books.  |2 local 
710 2 |a ProQuest (Firm)  |0 http://id.loc.gov/authorities/names/n2007068018 
776 1 8 |i ebook version :  |z 9789353283094 
776 1 8 |c Original  |z 9789353283087  |z 9353283086  |w (DLC) 2019005091 
856 4 0 |u https://ebookcentral.proquest.com/lib/tamucs/detail.action?docID=5785240  |z Connect to the full text of this electronic book  |t 0 
945 |b 91875 
955 |a YBP purchased DDA e-records 
980 |b ebook  |c 99988948116  |g 565701  |k USD  |m 67.50  |q 1  |s AcqMono Conventional  |t Demand driven acquisitions (DDA)  |u Vendor order reference number  |v ZYBP  |y PDA  |z Electronic resource 
987 |a ybp16275596 
999 f f |s 96990afa-8c33-4b38-b6e0-cc56c373ea20  |i f96ad6f6-4276-374c-a59e-06a9b36ca070  |t 0 
952 f f |a Texas A&M University  |b College Station  |c Electronic Resources  |d Available Online  |t 0  |e LC5257.I4 R35 2019  |h Library of Congress classification 
998 f f |a LC5257.I4 R35 2019  |t 0  |l Available Online